Normal view
MARC view
Entry Personal Name
001 - CONTROL NUMBER
- control field: 729941
003 - CONTROL NUMBER IDENTIFIER
- control field: OSt
005 - DATE AND TIME OF LATEST TRANSACTION
- control field: 20250108124825.0
008 - FIXED-LENGTH DATA ELEMENTS
- fixed length control field: 250108|| aca||aabn | a|a d
040 ## - CATALOGING SOURCE
- Original cataloging agency: OSt
- Transcribing agency: OSt
100 ## - HEADING--PERSONAL NAME
- Personal name: आसी, मुहम्मद इब्राहीम, ले
670 ## - SOURCE DATA FOUND
- Source citation: Work cat.: (OSt)1234712: आसी, मुहम्मद इब्राहीम, ले., अजीम मुहम्मद, 2324
